[Event "EU-ch rapid"]
[Site "Warsaw"]
[Date "2013.12.15"]
[Round "9"]
[White "Kuraszkiewicz, Michael"]
[Black "Wozniak, Maciej"]
[Result "1/2-1/2"]
[WhiteElo "2324"]
[BlackElo "2178"]
[PlyCount "48"]
[EventDate "2013.12.14"]
[EventType "swiss (rapid)"]
[EventRounds "11"]
[EventCountry "POL"]
[SourceTitle "CBM 157 Extra"]
[Source "ChessBase"]
[SourceDate "2013.12.19"]
[SourceVersion "1"]
[SourceVersionDate "2013.12.19"]
[SourceQuality "1"]

1. d4 Nf6 2. c4 g6 3. Nc3 d5 4. cxd5 Nxd5 5. e4 Nxc3 6. bxc3 Bg7 7. Nf3 c5 8. Rb1 Nc6 9. d5 Bxc3+ 10. Bd2 Bxd2+ 11. Qxd2 Nd4 12. Nxd4 cxd4 13. Qxd4 0-0 14. Be2 Qa5+ 15. Qd2 Qxd2+ 16. Kxd2 e6 17. dxe6 Bxe6 18. Rxb7 Rfb8 19. Rxb8+ Rxb8 20. Kc3 Rc8+ 21. Kd2 Rb8 22. Kc3 Rc8+ 23. Kd2 Rb8 24. Kc3 Rc8+ 1/2-1/2

[Event "BL2-Ost 1314"]
[Site "Germany"]
[Date "2013.10.12"]
[Round "1.5"]
[White "Hoffmeyer, Falk"]
[Black "Kuraszkiewicz, Michael"]
[Result "1-0"]
[WhiteElo "2301"]
[BlackElo "2342"]
[PlyCount "61"]
[EventDate "2013.10.12"]
[EventType "team-tourn"]
[EventRounds "10"]
[EventCountry "GER"]
[SourceTitle "EXT 2015"]
[Source "ChessBase"]
[SourceDate "2014.11.20"]
[SourceVersion "1"]
[SourceVersionDate "2014.11.20"]
[SourceQuality "1"]
[WhiteTeam "Zugzwang MSA"]
[BlackTeam "Plauen Koenig"]
[WhiteTeamCountry "GER"]
[BlackTeamCountry "GER"]

1. d4 d5 2. Bf4 Nf6 3. e3 Bf5 4. c4 e6 5. Nc3 c6 6. Qb3 b6 7. Nf3 Be7 8. h3 h6 9. Be2 0-0 10. 0-0 dxc4 11. Bxc4 b5 12. Be2 Nbd7 13. a4 b4 14. Nb1 Be4 15. Nbd2 Bd5 16. Qd3 c5 17. Rac1 Rc8 18. Ne5 Nxe5 19. dxe5 Nd7 20. e4 Bc6 21. b3 g5 22. Qg3 Kh7 23. Be3 Qc7 24. Nc4 f6 25. f4 Bxe4 26. h4 g4 27. f5 Nxe5 28. Qf4 Bxf5 29. Qxh6+ Kg8 30. Rxf5 exf5 31. Nxe5 1-0

[Event "Oberliga Ost-A 1213"]
[Site "Germany"]
[Date "2013.04.13"]
[Round "10.2"]
[White "Schunk, Thomas"]
[Black "Kuraszkiewicz, Michael"]
[Result "1/2-1/2"]
[WhiteElo "2245"]
[BlackElo "2350"]
[PlyCount "83"]
[EventDate "2012.10.14"]
[EventType "team-tourn"]
[EventRounds "11"]
[EventCountry "GER"]
[SourceTitle "EXT 2014"]
[Source "ChessBase"]
[SourceDate "2013.11.20"]
[SourceVersion "1"]
[SourceVersionDate "2013.11.20"]
[SourceQuality "1"]
[WhiteTeam "Leipzig SG II"]
[BlackTeam "Plauen Koenig"]
[WhiteTeamCountry "GER"]
[BlackTeamCountry "GER"]

1. c4 g6 2. Nc3 Bg7 3. g3 Nf6 4. Bg2 0-0 5. d4 d6 6. Nf3 Nbd7 7. 0-0 e5 8. b3 exd4 9. Nxd4 Re8 10. Bb2 Nc5 11. Re1 c6 12. Qc2 Qb6 13. Rad1 a5 14. e3 a4 15. Nxa4 Nxa4 16. bxa4 Qb4 17. Qb3 Qxa4 18. Nxc6 Qxa2 19. Qxa2 Rxa2 20. Bxf6 Bxf6 21. Nb4 Rb2 22. Nd5 Bd8 23. Rb1 Rc2 24. Rec1 Rxc1+ 25. Rxc1 Bf5 26. Ra1 Bd3 27. Ra8 Kf8 28. Bf1 Be4 29. Rb8 Bxd5 30. cxd5 Bb6 31. Rxb7 Bc5 32. Be2 Re7 33. Rb8+ Re8 34. Rb5 Ra8 35. h4 Ra2 36. Kf1 Ra1+ 37. Kg2 Ra2 38. Kf3 Rd2 39. Rb7 Rxd5 40. Rxf7+ Kxf7 41. Bc4 Kf6 42. Bxd5 1/2-1/2

[Event "Oberliga Ost-A 1213"]
[Site "Germany"]
[Date "2013.02.24"]
[Round "8.3"]
[White "Hutsch, Oliver"]
[Black "Kuraszkiewicz, Michael"]
[Result "0-1"]
[WhiteElo "2147"]
[BlackElo "2350"]
[PlyCount "80"]
[EventDate "2012.10.14"]
[EventType "team-tourn"]
[EventRounds "11"]
[EventCountry "GER"]
[SourceTitle "EXT 2014"]
[Source "ChessBase"]
[SourceDate "2013.11.20"]
[SourceVersion "1"]
[SourceVersionDate "2013.11.20"]
[SourceQuality "1"]
[WhiteTeam "Dresden Gruen Weiss"]
[BlackTeam "Plauen Koenig"]
[WhiteTeamCountry "GER"]
[BlackTeamCountry "GER"]

1. d4 Nf6 2. c4 g6 3. Nc3 Bg7 4. g3 0-0 5. Bg2 d6 6. Nf3 Nbd7 7. 0-0 e5 8. dxe5 dxe5 9. Qc2 c6 10. Rd1 Qe7 11. e4 Re8 12. b3 Nf8 13. a4 Bg4 14. Ba3 Qc7 15. Bd6 Qc8 16. c5 Ne6 17. Ne2 Nd7 18. Qc4 Bf8 19. Bxf8 Rxf8 20. Rxd7 Bxf3 21. Rd2 Bxe2 22. Rxe2 Qd8 23. Bh3 Qd4 24. Rc1 Qxc4 25. Rxc4 Nd4 26. Re3 f6 27. Bf1 Kf7 28. Kg2 Ke7 29. b4 Rfd8 30. Rcc3 Ne6 31. Red3 Rxd3 32. Rxd3 a5 33. b5 Nxc5 34. Rc3 Kd6 35. Rc4 cxb5 36. axb5 a4 37. Rc2 a3 38. Bc4 Ra4 39. f4 Rxc4 40. fxe5+ fxe5 0-1

[Event "Oberliga Ost-A 1213"]
[Site "Germany"]
[Date "2012.11.11"]
[Round "3.5"]
[White "Schoene, Maria"]
[Black "Kuraszkiewicz, Michael"]
[Result "1-0"]
[WhiteElo "2184"]
[BlackElo "2350"]
[PlyCount "109"]
[EventDate "2012.10.14"]
[EventType "team-tourn"]
[EventRounds "11"]
[EventCountry "GER"]
[SourceTitle "EXT 2014"]
[Source "ChessBase"]
[SourceDate "2013.11.20"]
[SourceVersion "1"]
[SourceVersionDate "2013.11.20"]
[SourceQuality "1"]
[WhiteTeam "Magdeburg Aufbau Elbe"]
[BlackTeam "Plauen Koenig"]
[WhiteTeamCountry "GER"]
[BlackTeamCountry "GER"]

1. e4 e6 2. d4 d5 3. Nc3 Bb4 4. e5 c5 5. a3 Bxc3+ 6. bxc3 Qc7 7. Nf3 b6 8. Bb5+ Bd7 9. Bd3 Ba4 10. 0-0 c4 11. Be2 Nc6 12. h4 0-0-0 13. h5 h6 14. Re1 g5 15. Nh2 Kb7 16. Bg4 Re8 17. Bh3 f5 18. exf6 Nxf6 19. Rxe6 Rxe6 20. Bxe6 Qd6 21. Bh3 Rf8 22. Bd2 Nd8 23. Nf1 Ne6 24. Ng3 Nf4 25. Bxf4 Qxf4 26. Be6 Qd6 27. Bf5 Be8 28. Bg6 Bd7 29. Qe1 Ng8 30. Qe5 Qxe5 31. dxe5 Ne7 32. Re1 Be6 33. Ne2 Kc7 34. Nd4 Kd7 35. Re3 Nc6 36. f3 Nxd4 37. cxd4 Bf5 38. Bxf5+ Rxf5 39. g3 Ke6 40. Kg2 b5 41. Kh3 Rf8 42. Kg4 a5 43. c3 Rb8 44. Re1 Rf8 45. Rb1 Rb8 46. f4 gxf4 47. Kxf4 Rb7 48. g4 Rb8 49. g5 hxg5+ 50. Kxg5 Rg8+ 51. Kh4 Rb8 52. h6 Kf7 53. Kg5 Rg8+ 54. Kf5 Rg3 55. e6+ 1-0

[Event "BL2-Ost 1112"]
[Site "Germany"]
[Date "2011.10.24"]
[Round "2.4"]
[White "Wetscherek, Andreas"]
[Black "Kuraszkiewicz, Michael"]
[Result "0-1"]
[WhiteElo "2352"]
[BlackElo "2341"]
[PlyCount "108"]
[EventDate "2011.10.02"]
[EventType "team-tourn"]
[EventRounds "9"]
[EventCountry "GER"]
[SourceTitle "EXT 2015"]
[Source "ChessBase"]
[SourceDate "2014.11.20"]
[SourceVersion "1"]
[SourceVersionDate "2014.11.20"]
[SourceQuality "1"]
[WhiteTeam "Bindlach"]
[BlackTeam "Plauen Koenig"]
[WhiteTeamCountry "GER"]
[BlackTeamCountry "GER"]

1. e4 e6 2. d4 d5 3. Nd2 Be7 4. Ngf3 Nf6 5. Bd3 c5 6. e5 Nfd7 7. c3 Nc6 8. 0-0 Qb6 9. dxc5 Nxc5 10. Bc2 Nd7 11. Qe2 g5 12. Nb3 g4 13. Nfd4 Ncxe5 14. Bf4 Bf6 15. Rad1 a6 16. Kh1 Nc4 17. Rfe1 Nde5 18. Nd2 Ng6 19. Ba4+ Kf8 20. Nxc4 dxc4 21. Bh6+ Bg7 22. Qe3 Qa5 23. Bc2 Kg8 24. Nf5 exf5 25. Qe8+ Nf8 26. Bxg7 Kxg7 27. Re7 Be6 28. Qxa8 Ng6 29. Qxb7 Nxe7 30. Qxe7 h6 31. Qd6 Rc8 32. Qd4+ Kg8 33. a3 Qc5 34. Qf4 Kg7 35. Rd4 Qb5 36. h3 Rc5 37. Rd8 Rd5 38. Rb8 Qd7 39. Kg1 Qd6 40. Qxd6 Rxd6 41. hxg4 fxg4 42. Kf1 h5 43. g3 f5 44. Ke2 Kf6 45. Ke3 Ke5 46. a4 h4 47. gxh4 f4+ 48. Ke2 g3 49. fxg3 fxg3 50. Rb7 Bg4+ 51. Kf1 Rd2 52. Bh7 Bf3 53. Re7+ Kf6 54. Re1 Rh2 0-1

[Event "EU-ch rapid"]
[Site "Warsaw"]
[Date "2010.12.19"]
[Round "13"]
[White "Najbar, Marcin"]
[Black "Kuraszkiewicz, Michael"]
[Result "0-1"]
[WhiteElo "2210"]
[BlackElo "2325"]
[PlyCount "136"]
[EventDate "2010.12.18"]
[EventType "swiss (rapid)"]
[EventRounds "13"]
[EventCountry "POL"]
[SourceTitle "CBM 139 Extra"]
[Source "ChessBase"]
[SourceDate "2011.01.05"]
[SourceVersion "1"]
[SourceVersionDate "2011.01.05"]
[SourceQuality "1"]

1. e4 e6 2. d4 d5 3. Nd2 Be7 4. Bd3 c5 5. dxc5 Nf6 6. exd5 exd5 7. Ngf3 0-0 8. 0-0 Nbd7 9. Nb3 Nxc5 10. Nxc5 Bxc5 11. h3 Qb6 12. c3 Ne4 13. Nd4 Bxd4 14. cxd4 Qxd4 15. Bc2 Qxd1 16. Rxd1 Be6 17. Be3 Rfd8 18. Bb3 b6 19. Rac1 h6 20. f3 Ng3 21. Kh2 Nf5 22. Bf2 d4 23. g4 Bxb3 24. axb3 Ne3 25. Rd3 Kf8 26. Kg3 g6 27. Bxe3 dxe3 28. Rxe3 Rd7 29. Rc2 Re8 30. Kf2 Rxe3 31. Kxe3 Ke7 32. h4 Ke6 33. h5 gxh5 34. gxh5 Kf5 35. Rg2 Re7+ 36. Kd4 Kf4 37. Rg7 Rd7+ 38. Kc4 Kxf3 39. Rh7 Kg4 40. Rxh6 f5 41. Rh8 Kg5 42. h6 Kg6 43. Rf8 Rh7 44. Kd5 Rxh6 45. Ke5 Rh2 46. Rg8+ Kf7 47. Ra8 Rxb2 48. Rxa7+ Kg6 49. Ra3 Kg5 50. Kd4 Kg4 51. Kc3 Rh2 52. Ra8 Kf3 53. Rf8 f4 54. Rf6 b5 55. Rf5 Ke4 56. Rxb5 f3 57. Rb8 f2 58. Rf8 Rh3+ 59. Kc4 Rf3 60. Re8+ Kf4 61. Rf8+ Kg4 62. Rg8+ Kh5 63. Rh8+ Kg6 64. Rh1 f1Q+ 65. Rxf1 Rxf1 66. b4 Kf6 67. Kc5 Ke7 68. Kc6 Kd8 0-1

[Event "EU-ch rapid"]
[Site "Warsaw"]
[Date "2010.12.18"]
[Round "3"]
[White "Lysyj, Igor"]
[Black "Kuraszkiewicz, Michael"]
[Result "1-0"]
[WhiteElo "2627"]
[BlackElo "2325"]
[PlyCount "63"]
[EventDate "2010.12.18"]
[EventType "swiss (rapid)"]
[EventRounds "13"]
[EventCountry "POL"]
[SourceTitle "CBM 139 Extra"]
[Source "ChessBase"]
[SourceDate "2011.01.05"]
[SourceVersion "1"]
[SourceVersionDate "2011.01.05"]
[SourceQuality "1"]

1. d4 Nf6 2. c4 Nc6 3. Nf3 e6 4. Nc3 g6 5. e4 d6 6. d5 Ne7 7. h3 Bg7 8. Be3 0-0 9. Be2 exd5 10. cxd5 Re8 11. 0-0 c6 12. dxc6 Nxc6 13. Qc2 Qe7 14. Bg5 Be6 15. Rad1 Rac8 16. Rfe1 Ne5 17. Qd2 Red8 18. Qf4 h6 19. Bxh6 Nh5 20. Qe3 Nc4 21. Bxc4 Bxc4 22. Bxg7 Nxg7 23. Qh6 Qf6 24. Ng5 Ne6 25. Qh7+ Kf8 26. Nxe6+ Bxe6 27. Rd3 a6 28. Red1 Ke7 29. Qh6 Rc5 30. Qe3 g5 31. Rxd6 Rxc3 32. e5 1-0